[Event "Muensterland Regionalliga 1314"]
[Site "Germany"]
[Date "2014.05.03"]
[Round "9.4"]
[White "Steffens, Gerd"]
[Black "Simons, Dirk"]
[Result "1-0"]
[WhiteElo "1855"]
[BlackElo "1825"]
[PlyCount "20"]
[EventDate "2013.09.07"]
[EventType "team-tourn"]
[EventRounds "9"]
[EventCountry "GER"]
[SourceTitle "EXT 2015"]
[Source "ChessBase"]
[SourceDate "2014.11.20"]
[SourceVersion "1"]
[SourceVersionDate "2014.11.20"]
[SourceQuality "1"]
[WhiteTeam "Olfen"]
[BlackTeam "Muenster SK III"]
[WhiteTeamCountry "GER"]
[BlackTeamCountry "GER"]

1. e4 e5 2. Nc3 Bc5 3. Bc4 Nc6 4. Qg4 g6 5. Qg3 Nf6 6. d3 d6 7. Bg5 Ng4 8. Bxd8 Bxf2+ 9. Qxf2 Nxf2 10. Kxf2 Kxd8 1-0

[Event "Muensterland Verbandsklasse-A 1213"]
[Site "Germany"]
[Date "2013.01.26"]
[Round "5.3"]
[White "Steffens, Gerd"]
[Black "Klein, Bjoern"]
[Result "1-0"]
[WhiteElo "1825"]
[BlackElo "1945"]
[PlyCount "57"]
[EventDate "2012.09.15"]
[EventType "team-tourn"]
[EventRounds "9"]
[EventCountry "GER"]
[SourceTitle "EXT 2015"]
[Source "ChessBase"]
[SourceDate "2014.11.20"]
[SourceVersion "1"]
[SourceVersionDate "2014.11.20"]
[SourceQuality "1"]
[WhiteTeam "Olfen"]
[BlackTeam "Steinfurt"]
[WhiteTeamCountry "GER"]
[BlackTeamCountry "GER"]

1. e4 c6 2. f4 d5 3. e5 Bf5 4. Nf3 e6 5. d4 h5 6. Bd3 Nh6 7. c3 Be7 8. Be3 Qb6 9. b3 Nd7 10. 0-0 h4 11. h3 Rc8 12. Bf2 Qd8 13. Bxf5 Nxf5 14. Nbd2 Nf8 15. Nh2 Ng6 16. Qf3 Nxf4 17. Qxf4 Bg5 18. Qf3 Bxd2 19. Rad1 Bg5 20. Ng4 Qc7 21. b4 a5 22. a3 0-0 23. Ne3 Bxe3 24. Bxe3 Qe7 25. Bf4 Ra8 26. Qg4 axb4 27. axb4 Ra2 28. Bg5 Qc7 29. Bf6 1-0

[Event "Muensterland Verbandsklasse-A 1112"]
[Site "Germany"]
[Date "2011.11.12"]
[Round "3.4"]
[White "Zoeke, Lars"]
[Black "Steffens, Gerd"]
[Result "1/2-1/2"]
[WhiteElo "1770"]
[BlackElo "1812"]
[PlyCount "56"]
[EventDate "2011.09.17"]
[EventType "team-tourn"]
[EventRounds "9"]
[EventCountry "GER"]
[SourceTitle "EXT 2013"]
[Source "ChessBase"]
[SourceDate "2012.11.22"]
[SourceVersion "1"]
[SourceVersionDate "2012.11.22"]
[SourceQuality "1"]
[WhiteTeam "Bocholt II"]
[BlackTeam "Olfen"]
[WhiteTeamCountry "GER"]
[BlackTeamCountry "GER"]

1. Nf3 e6 2. b3 f5 3. Bb2 Nf6 4. e3 b6 5. d4 Bb7 6. Nbd2 Be7 7. Be2 0-0 8. 0-0 Qe8 9. Ne5 d6 10. Bf3 Nc6 11. Nxc6 Bxc6 12. Bxc6 Qxc6 13. c4 Rae8 14. Rc1 Qd7 15. Nf3 Ne4 16. Nd2 Nxd2 17. Qxd2 Rf6 18. f4 Rg6 19. Rf3 Bf6 20. Qd3 c5 21. Rc2 Qb7 22. d5 exd5 23. cxd5 Bxb2 24. Rxb2 Rf6 25. Rh3 g6 26. Rf3 b5 27. h3 Rf7 28. g4 Qd7 1/2-1/2

[Event "Muensterland Verbandsklasse-A 1011"]
[Site "Germany"]
[Date "2011.01.29"]
[Round "6.4"]
[White "Steffens, Gerd"]
[Black "Rothkegel, Juergen"]
[Result "1-0"]
[WhiteElo "1779"]
[BlackElo "1875"]
[PlyCount "127"]
[EventDate "2010.09.18"]
[EventType "team-tourn"]
[EventRounds "9"]
[EventCountry "GER"]
[SourceTitle "EXT 2012"]
[Source "ChessBase"]
[SourceDate "2011.11.24"]
[SourceVersion "1"]
[SourceVersionDate "2011.11.24"]
[SourceQuality "1"]
[WhiteTeam "Olfen"]
[BlackTeam "Gronau"]
[WhiteTeamCountry "GER"]
[BlackTeamCountry "GER"]

1. e4 e5 2. Nf3 Nc6 3. Nc3 Nf6 4. Bb5 Bb4 5. d3 d6 6. 0-0 Bd7 7. Bg5 h6 8. Bxf6 gxf6 9. Nd5 Bc5 10. Nh4 a6 11. Ba4 b5 12. Bb3 Nd4 13. c3 Nxb3 14. axb3 c6 15. Ne3 h5 16. Nef5 Be6 17. b4 Bb6 18. Qc2 Rg8 19. Rad1 Qc7 20. Qd2 Rg5 21. Kh1 0-0-0 22. g3 d5 23. f3 Kb7 24. Qc2 c5 25. bxc5 Bxc5 26. Qe2 dxe4 27. fxe4 Bb3 28. Rd2 Qb6 29. Nf3 Rgg8 30. d4 exd4 31. N3xd4 Bc4 32. Qf3 Bxf1 33. Qxf1 Qc7 34. Qf3 Qe5 35. Re2 Rg5 36. h4 Rg4 37. Kh2 Bd6 38. Re3 Kb6 39. Kh3 Re8 40. Nxd6 Qxd6 41. Nf5 Qe5 42. Qf2 Re6 43. b4 Kb7 44. Rd3 Qxe4 45. Nd6+ Rxd6 46. Rxd6 Qh1+ 47. Qh2 Qxh2+ 48. Kxh2 Rc4 49. Rxf6 Rxc3 50. Rxf7+ Kb6 51. Rf5 Rc4 52. Rxh5 Rxb4 53. Rh8 a5 54. h5 a4 55. h6 a3 56. h7 a2 57. Rb8+ Kc7 58. h8Q Ra4 59. Rc8+ Kd7 60. Rc1 b4 61. Qd4+ Ke6 62. Ra1 Ke7 63. Qc4 Ra7 64. Rxa2 1-0